000
00280nam a2200121Ia 4500
008
191201s2011 xx 000 0 und d
100
_a
KHAN,M.I
245
0
_a
Manufacturing Science
260
_a
N. delhi
_b
PHI
_c
2011
300
_a
562
650
_a
M.Tech (ME)
942
_2
ddc
_c
BK
_0
4
999
_c
5095
_d
5095